<?xml version="1.0" encoding="UTF-8"?>
<marc:record xmlns:marc="http://www.loc.gov/MARC21/slim">
   <marc:leader>00000nam a2200000 a 4500</marc:leader>
   <marc:datafield ind1="1" ind2=" " tag="100">
      <marc:subfield code="a">Roberts, Nora</marc:subfield>
   </marc:datafield>
   <marc:datafield ind1="1" ind2=" " tag="100">
      <marc:subfield code="a">Mallery, Susan</marc:subfield>
   </marc:datafield>
   <marc:datafield ind1="1" ind2=" " tag="100">
      <marc:subfield code="a">O`Donnell, Jodi</marc:subfield>
   </marc:datafield>
   <marc:datafield ind1="1" ind2=" " tag="100">
      <marc:subfield code="a">Richards, Emilie</marc:subfield>
   </marc:datafield>
   <marc:datafield ind1="1" ind2=" " tag="100">
      <marc:subfield code="a">Gönna, Eva von der</marc:subfield>
      <marc:subfield code="4">trl</marc:subfield>
      <marc:subfield code="e">Übersetzer/-in</marc:subfield>
   </marc:datafield>
   <marc:datafield ind1="1" ind2=" " tag="100">
      <marc:subfield code="a">Scheller, Cecilia</marc:subfield>
      <marc:subfield code="4">trl</marc:subfield>
      <marc:subfield code="e">Übersetzer/-in</marc:subfield>
   </marc:datafield>
   <marc:datafield ind1="1" ind2=" " tag="100">
      <marc:subfield code="a">Dobbratz, Anneliese</marc:subfield>
      <marc:subfield code="4">trl</marc:subfield>
      <marc:subfield code="e">Übersetzer/-in</marc:subfield>
   </marc:datafield>
   <marc:datafield ind1="1" ind2=" " tag="100">
      <marc:subfield code="a">Lénart-Seidnitzer, Tatjána</marc:subfield>
      <marc:subfield code="4">trl</marc:subfield>
      <marc:subfield code="e">Übersetzer/-in</marc:subfield>
   </marc:datafield>
   <marc:datafield ind1=" " ind2=" " tag="653">
      <marc:subfield code="a">Liebe Schicksal</marc:subfield>
   </marc:datafield>
   <marc:datafield ind1=" " ind2=" " tag="653">
      <marc:subfield code="a">Liebesroman</marc:subfield>
   </marc:datafield>
   <marc:datafield ind1=" " ind2=" " tag="653">
      <marc:subfield code="a">Erzählende Literatur: Gegenwartsliteratur ab 1945</marc:subfield>
   </marc:datafield>
   <marc:datafield ind1="0" ind2="0" tag="245">
      <marc:subfield code="a">Frühlingszauber</marc:subfield>
   </marc:datafield>
   <marc:datafield ind1="0" ind2="0" tag="245">
      <marc:subfield code="c">Nora Roberts ; Jodi O`Donnell ; Emilie Richards ; Susan Mallery. Eva von der Gönna ; Cecilia Scheller ; Anneliese Dobbratz ; Tatjána Lénart-Seidnitzer</marc:subfield>
   </marc:datafield>
   <marc:datafield ind1=" " ind2="1" tag="264">
      <marc:subfield code="a">Hamburg</marc:subfield>
      <marc:subfield code="b">Harlequin Enterprises</marc:subfield>
      <marc:subfield code="c">2012</marc:subfield>
   </marc:datafield>
   <marc:datafield ind1="1" ind2=" " tag="490">
      <marc:subfield code="a">Mira Taschenbuch</marc:subfield>
      <marc:subfield code="v">Bd. 20031 : Jade</marc:subfield>
   </marc:datafield>
   <marc:datafield ind1=" " ind2=" " tag="250">
      <marc:subfield code="a">Dt. Taschenbucherstausg., 1. Aufl.</marc:subfield>
   </marc:datafield>
   <marc:datafield ind1="1" ind2=" " tag="520">
      <marc:subfield code="a">1. Bist du verliebt, Mami? &lt;br/&gt;&lt;br/&gt;Zoe hat ihr Leben als Single-Mutter bestens im Griff  bis sie die Einliegerwohnung in ihrem Häuschen an den Sportjournalisten Coop vermietet. Unaufhaltsam verfällt sie seinem frechen Charme  &lt;br/&gt;&lt;br/&gt; &lt;br/&gt;&lt;br/&gt;2. Still mein Verlangen: &lt;br/&gt;&lt;br/&gt; &lt;br/&gt;&lt;br/&gt;Ein sicheres Zuhause für seine verwaiste Nichte Robin  das ist Jebs größter Wunsch. Doch er ist mit ihrer Erziehung völlig überfordert. Einzige Lösung: eine Frau. Eine Frau wie Mariah  &lt;br/&gt;&lt;br/&gt; &lt;br/&gt;&lt;br/&gt;3. Zwei Singles - eine Liebe: &lt;br/&gt;&lt;br/&gt; &lt;br/&gt;&lt;br/&gt;Irischer Macho, denkt Angel, als ihr der Ex-Fußballer Kyle vorgestellt wird  und ignoriert das Kribbeln im Bauch. Südstaatenzicke, denkt Kyle  und überhört sein lautes Herzklopfen. Vorerst verbindet die beiden Singles nur eins: der Wunsch nach einem Kind  &lt;br/&gt;&lt;br/&gt; &lt;br/&gt;&lt;br/&gt;4. Auch du brauchst Zärtlichkeit: &lt;br/&gt;&lt;br/&gt; &lt;br/&gt;&lt;br/&gt;So ein toller Mann wie Todd ist einfach nichts für sie! Da ist sich die junge Witwe Beth ganz sicher. Erst als Todd beginnt, sich rührend um ihre Kinder zu kümmern, beginnt sie auf eine neue Zukunft zu hoffen</marc:subfield>
   </marc:datafield>
   <marc:datafield ind1=" " ind2=" " tag="020">
      <marc:subfield code="a">9783899419863</marc:subfield>
      <marc:subfield code="9">9783899419863</marc:subfield>
   </marc:datafield>
   <marc:datafield ind1=" " ind2=" " tag="041">
      <marc:subfield code="a">ger</marc:subfield>
   </marc:datafield>
   <marc:datafield ind1="1" ind2=" " tag="521">
      <marc:subfield code="a">0</marc:subfield>
   </marc:datafield>
   <marc:datafield ind1=" " ind2=" " tag="300">
      <marc:subfield code="a">476 S.</marc:subfield>
   </marc:datafield>
</marc:record>
